00265nam a2200097Ia 4500082002200000245004400022260004200066300001000108504001900118650003000137 aRR 808.88203 CON; 0aConcise oxford dictionary of quotations aLondonbOxford University Pressc1964 a481p. aIncludes index aQuotations - Dictionaries